Текст томруулах:    
The Public sector and the Latin American crisis (Бичлэгийн дугаар. 146834)
000 -УДИРДЛАГА
Удирдлага 00778nam a22002657a 4500
003 - ХЯНАЛТЫН ТОО ТОДОРХОЙЛОГЧ
Код MN-UlNUM
005 - БИЧИЛТ ХИЙСЭН ОГНОО
Тухайн бичилтийг бичсэн засварласан сүүлийн огноо 20260401174539.0
008 - ЕРӨНХИЙ МЭДЭЭЛЭЛ
Ерөнхий мэдээлэл 260401s1991 caua b 001 0 eng
020 ## - ISBN
ISBN 1558151192
040 ## - БИЧЛЭГ ҮҮСГЭГЧ БАЙГУУЛЛАГА
Бичлэг үүсгэгч номын сангийн код МУИС-ийн номын сан
084 ## - ББК АНГИЛАЛ
Нэмэлт тусгалт Нэг сэдэвт бүтээл
ББК ангилал 65.9(70)
Зохиогчийн гурван тэмдэгт P 97
Мэдлэгийн ялгаа 65 - Эдийн засаг
245 04 - ҮНДСЭН ГАРЧИГ
Номын нэр The Public sector and the Latin American crisis
Оролцогчдын тухай мэдээ edited by Felipe Larraín and Marcelo Selowsky
260 ## - ГАРАЛТЫН МЭДЭЭ
Хэвлэгдсэн газар San Francisco, Calif
Хэвлэлийн газар ICS Press
Хэвлэгдсэн он 1991
300 ## - МАТЕРИАЛЫН ТОДОРХОЙЛОЛТ
хуудасны тоо xvi, 352 p. :
Бусад тоон мэдээлэл ill. ;
Хэмжээ 23 cm
500 ## - Тайлбар
Дансны дугаар БС 4468
546 ## - ХЭЛНИЙ ТУХАЙ МЭДЭЭ
Хэл Англи хэл дээр,
653 ## - Түлхүүр үг
Түлхүүр үг debts
653 ## - Түлхүүр үг
Түлхүүр үг Latin America
653 ## - Түлхүүр үг
Түлхүүр үг economic
700 ## - ХАМ ЗОХИОГЧИД
Ба бус Larraín B., Felipe
700 ## - ХАМ ЗОХИОГЧИД
Ба бус Selowsky, Marcelo
942 ## - ЭЛЕМЕНТИЙН ТӨРӨЛ
Зүйлийн төрөл Ном